| 000 | 00998nam a22002654a 4500 | ||
|---|---|---|---|
| 005 | 20080729164931.0 | ||
| 008 | 080416s2008 waua 001 0 eng | ||
| 010 | _aENG-91456 | ||
| 020 |
_a9788131304815 _c395.00 |
||
| 035 | _aEN-74989 | ||
| 037 | _bDBAD / PUB | ||
| 040 |
_aDPL _bEnglish |
||
| 082 | _a372.954 | ||
| 100 | _aBalusu Veena Kumari | ||
| 245 |
_aOperation blackboard / _cby Balusu Veena Kumari [and] Digumarti Bhaskara Rao |
||
| 260 |
_aNew Delhi _bAPH Publishing Corp. _c2009 |
||
| 270 |
_a4435-36/7, Ansari Road, Daryaganj, _bNew Delhi _e110002 |
||
| 300 |
_axxxviii, 471p. _c23 cm (Hb) |
||
| 500 | _aIncludes index | ||
| 650 |
_aEducation, Primary _zIndia |
||
| 650 |
_aEducational planning _zIndia |
||
| 700 | _aRao, Digumarti Bhaskara | ||
| 942 |
_2ddc _cEN _mPAN _h372.954 |
||
| 999 |
_c17407 _d17407 |
||